| 000 | 00000nam##2200000za#4500 |
| 001 | 9.575124 |
| 003 | CaOODSP |
| 005 | 20210624184520 |
| 007 | cr ||||||||||| |
| 008 | 150406|2008||||xxc|||||o f|0| 0 eng|d |
| 022 | |a1488-5379 |
| 040 | |aCaOODSP|beng |
| 043 | |an-cn--- |
| 086 | 1 |aFs97-6/2817E-PDF |
| 110 | 1 |aCanada. |bDepartment of Fisheries and Oceans. |
| 245 | 12|aA primer of fish habitat models / |h[electronic resource]|cby D.T. de Kerckhove, K.E. Smokorowski, and R.G. Randall. |
| 260 | |aSault Ste. Marie - Ontario : |bFisheries and Oceans Canada |cc2008. |
| 300 | |a71p.|breferences |
| 490 | 1 |aCanadian technical report of fisheries and aquatic sciences|x1488-5379|vNo. 2817 |
| 500 | |aThe catalogue number for the print edition appears in this electronic version. |
| 590 | |a12-38-Supp|b2012-09-27 |
| 720 | 1 |aRandall, R. G. |
| 720 | 1 |aSmokorowski, K. E. |
| 720 | 1 |ade Kerckhove, D. T. |
| 830 | #0|aCanadian technical report of fisheries and aquatic sciences,|x1488-5379|vNo. 2817|w(CaOODSP)9.504449 |
| 856 | 40|ahttp://publications.gc.ca|qPDF|s756 KB|uhttps://publications.gc.ca/collections/collection_2012/mpo-dfo/Fs97-6-2817-eng.pdf|yNo. 2817 |